00748cam a22002534a 450000100090000000300040000900500170001300800410003001000170007102000180008804000180010604200080012405000230013208200190015510000230017424500740019725000120027126000410028330000500032450400510037465000200042570000210044570000280046613251443OSt20191224132444.0030625s2004 maua b 001 0 eng  a 2003059968 a9780070594074 aDLCcDLCdDLC apcc00aHB172.5b.D67 200400a339222bDOR/M aDornbusch, Rudiger10aMacroeconomics /cRudiger Dornbusch, Stanley Fischer, Richard Startz. a9th ed. aBoston :bMcGraw-Hill/Irwin,cc2004. axxii, 613 p. :bill. (chiefly col.) ;c24 cm. aIncludes bibliographical references and index. 0aMacroeconomics.1 aFischer, Stanley1 aStartz, Richard,d1952-